[Event "Sivakasi op 4th"]
[Site "Sivakasi"]
[Date "2018.04.22"]
[Round "3"]
[White "Manigandan, SS."]
[Black "Shanjay Krishnaa, Sathiskumar"]
[Result "1-0"]
[WhiteElo "2137"]
[BlackElo "1609"]
[PlyCount "69"]
[EventDate "2018.04.21"]
[EventType "swiss"]
[EventRounds "8"]
[EventCountry "IND"]
[SourceTitle "CBM 184 Extra"]
[Source "ChessBase"]
[SourceDate "2018.06.28"]
[SourceVersion "1"]
[SourceVersionDate "2018.06.28"]
[SourceQuality "1"]

1. Nf3 Nf6 2. c4 e6 3. Nc3 d5 4. d4 c6 5. Bg5 Be7 6. e3 Nbd7 7. Qc2 c5 8. Rd1 cxd4 9. Nxd4 dxc4 10. Bxc4 a6 11. 0-0 Qc7 12. Bxe6 fxe6 13. Nxe6 Qc6 14. Nxg7+ Kf8 15. Nf5 Rg8 16. Nxe7 Kxe7 17. Qxh7+ Ke8 18. Qf5 Nh7 19. Qxh7 Rxg5 20. Ne4 Rg6 21. f3 Nf8 22. Qh5 Ke7 23. Qh4+ Kf7 24. Rd8 Ne6 25. Nd6+ Qxd6 26. Rxd6 Ng7 27. Rd8 Bh3 28. Rxa8 Bxg2 29. Qf4+ Ke7 30. Qc7+ Ke6 31. Qb6+ Kf5 32. e4+ Kf4 33. Qxg6 Bxf1 34. Kf2 Bh3 35. Qg3# 1-0